Genetics : analysis and principles

محفوظ في:
التفاصيل البيبلوغرافية
المؤلف الرئيسي: Brooker, Robert J
التنسيق: كتاب
اللغة:Vietnamese
منشور في: McGraw Hill Higher education 2005
الوسوم: إضافة وسم
لا توجد وسوم, كن أول من يضع وسما على هذه التسجيلة!
Thư viện lưu trữ: Mạng thư viện Đại học Đà Nẵng
LEADER 00636nam a2200253 4500
001 000020876
003 17323
005 20150330090318.0
008 150330s2005 viesd
020 |c 00 
041 0 |a vie 
082 1 4 |a 576,5  |b BR-R 
100 1 |a Brooker, Robert J 
245 1 0 |a Genetics : analysis and principles  |c Robert J. Brooker. 
260 |b McGraw Hill Higher education  |c 2005 
300 |a tr.  |c cm. 
OWN |a LSP 
999 |a From the UDN01 
TYP |a Monograph 
TYP |a Printed language 
980 |a Mạng thư viện Đại học Đà Nẵng